| 000 | 00667nam a22002057a 4500 | ||
|---|---|---|---|
| 999 |
_c3815 _d3815 |
||
| 003 | AR-CdUCM | ||
| 008 | 190307b ||||| |||| 00| 0 spa d | ||
| 040 |
_aMUNICIPALIDAD PROVINCIAL DEL CUSCO _cBIBLIOTECA MUNICIPAL DEL CUSCO |
||
| 082 |
_a869.58 / _bM79 |
||
| 100 |
_aMoreno Mendiguren, Alfredo _912290 |
||
| 245 |
_aAna : _bpieza de teatro en tres actos y un epílogo, cada acto en dos cuadros / |
||
| 260 |
_aLima : _bCía. de Impr. y Publicidad, _c1960. |
||
| 300 |
_a73 páginas ; _c22 cm. |
||
| 505 | _aContenido: Teatro Peruano. | ||
| 650 |
_aTeatro peruano _92697 |
||
| 650 |
_aSiglo XX _98 |
||
| 650 |
_aDrama _9560 |
||
| 942 |
_2ddc _cLIBROS |
||
| 945 | _adavv | ||